[Event "Hokkaido.Ch2022"]
[Site "?"]
[Date "2022.03.26"]
[Round "1.1"]
[White "Kawamura, Takuto"]
[Black "Akai, Kiyataka"]
[Result "1/2-1/2"]
[WhiteElo "1462"]
[BlackElo "1786"]
[Annotator "Fritz 11 SE (30s)"]
[PlyCount "71"]
[SourceVersionDate "2022.03.28"]

{[%mdl 8192] D34: Tarrasch Defence: 6 g3 Nf6 7 Bg2 Be7} 1. d4 d5 2. c4 e6 3.
Nc3 c5 4. cxd5 exd5 5. g3 Nc6 6. Nf3 Nf6 7. Bg2 Be7 8. O-O O-O 9. Re1 (9. a3 c4
10. Bg5 h6 11. Bxf6 Bxf6 12. e3 Be6 13. Nd2 Qd7 14. b3 cxb3 15. Nxb3 b6 16. Qe2
Rac8 17. Rfc1 Ne7 18. Qa6 Rfd8 19. Bf1 Nc6 20. Qa4 Rc7 21. Nd2 Na5 22. Qxd7
Rcxd7 23. Nb5 Be7 {Ikonnikov,V (2560)-Feygin,M (2529) Belgium 2010 1-0 (44)}) (
9. Na4 c4 10. b3 b5 11. Nc5 Bf5 12. Nh4 Bg4 13. Re1 Rc8 14. bxc4 dxc4 15. Bb2
Bxc5 16. dxc5 Qxd1 17. Rexd1 b4 18. Rd6 Ne7 19. Bd4 Ne8 20. Ra6 g5 21. Nf3 Nc7
22. Rf6 Ne6 23. Be3 Nd5 {Akdag,D (2218)-Kristensen,K (2296) Denmark 2011 0-1 
(38)}) 9... h6 $146 {Covers g5} (9... Re8 10. Bg5 cxd4 11. Nxd4 h6 12. Bf4 Bb4
13. Rc1 Bg4 14. a3 Ba5 15. Nxc6 bxc6 16. b4 Bb6 17. Na4 Qd7 18. Nc5 Bxc5 19.
Rxc5 Bh3 20. Qc2 Bxg2 21. Kxg2 Re6 22. b5 cxb5 23. Rc7 Qe8 24. Qd3 {Szoen,D 
(2450)-Zolnierowicz,K (2287) Warsaw 2005 1-0 (40)}) 10. Bf4 a6 {Prevents
intrusion on b5} 11. Rc1 c4 {Black has a very active position} 12. Ne5 Be6 13.
e4 Re8 14. h3 {Controls g4} (14. exd5 Nxd5 15. Bxd5 Bxd5 $16) 14... Bb4 (14...
Nxe5 $5 {is worth consideration} 15. dxe5 Nxe4 16. Nxe4 dxe4 17. Bxe4 Qb6 $11)
15. exd5 $14 {White forks: c6+e6} Nxd5 {A sound move.} 16. Nxc6 (16. Nxf7 Bxf7
17. Rxe8+ Qxe8 18. Nxd5 Rd8 19. Nxb4 Nxb4 20. Bxb7 Nxa2 $14) 16... bxc6 $11 17.
Bd2 Qa5 18. Re5 Rad8 19. Qh5 Bxc3 {Black forks: b2, d2+d4} 20. Rxc3 (20. bxc3
$5 {should be examined more closely} f6 21. Re4 $11) 20... Qxa2 $17 21. Rf3 $4
{another bit of territory lost} (21. Rc1 f6 (21... Qxb2 $143 22. Bxh6 f6 23.
Re4 $11) 22. Re4 Bf7 $17 (22... Qxb2 $6 23. Bxh6 Qb7 24. Bd2 $15)) 21... Qb1+ (
21... f6 $142 {seems even better} 22. Rxe6 Rxe6 23. Bc3 $19) 22. Kh2 (22. Re1
$142 Qc2 23. Ba5 $17) 22... Qg6 $4 {releasing the pressure on the opponent} (
22... f6 $142 {the advantage is on the side of Black} 23. Re1 Qxb2 24. Bxh6 Qc2
$19 (24... gxh6 $6 25. Qg6+ Kh8 26. Qxh6+ Kg8 27. Qg6+ Kf8 28. Rxf6+ Nxf6 29.
Qxf6+ Bf7 30. Qh8+ Bg8 31. Qf6+ Bf7 32. Qh8+ Bg8 33. Qf6+ Bf7 $11)) 23. Qxg6
$11 fxg6 {Black has new doubled pawns: g6+g7} 24. Ra3 Bc8 25. Rxe8+ Rxe8 26.
Bf1 {White threatens to win material: Bf1xc4} Re4 27. Bc3 Nxc3 28. bxc3 {
Black has a new passed pawn: a6.} Be6 29. h4 Bd5 30. Rxa6 Re1 31. Bg2 Rc1 {
Black threatens to win material: Rc1xc3} 32. Ra3 Kf7 33. Bxd5+ cxd5 {A rook
endgame occured} 34. Kg2 Rb1 35. Ra2 Rc1 36. Ra3 1/2-1/2

[Event "Hokkaido.Ch2022"]
[Site "?"]
[Date "2022.03.26"]
[Round "1.2"]
[White "Yoshii, Yukihiko"]
[Black "Nakamura, Mitsuru"]
[Result "1-0"]
[WhiteElo "1724"]
[BlackElo "1406"]
[Annotator "Fritz 11 SE (30s)"]
[PlyCount "87"]
[SourceVersionDate "2022.03.28"]

{[%mdl 8192] A17: English Opening: 1...Nf6 with ...Bb4} 1. c4 Nf6 2. Nc3 e6 3.
b3 (3. e3 b6 4. Nf3 Bb7 5. Be2 c5 6. O-O Be7 7. b3 O-O 8. Bb2 d6 9. d4 cxd4 10.
Nxd4 a6 11. Bf3 Qc7 12. Bxb7 Qxb7 13. Qf3 Qxf3 14. Nxf3 Nbd7 15. Rfd1 Rfd8 16.
Ba3 Nc5 17. Bxc5 bxc5 {Granados Gomez,M (2388)-Matnadze,A (2395) Barcelona
2015 1/2-1/2 (54)}) 3... c6 $146 {Consolidates b5+d5} (3... d5 4. e3 (4. Nf3 d4
5. Nb5 c5 6. d3 a6 7. Na3 Nc6 8. g3 Bd6 9. Bg2 O-O 10. Nc2 h6 11. O-O e5 12. a3
Re8 13. e4 dxe3 14. Bxe3 Bf5 15. Nh4 Bh7 16. Re1 Bf8 17. Bf1 Qd7 18. Qd2 Rad8 {
Simunek,A (2198)-Blazek,J (2197) Czechia 2007 0-1 (38)}) 4... c5 5. Nf3 (5.
cxd5 exd5 6. d4 Qa5 7. Bb2 Nc6 8. dxc5 Bxc5 9. a3 d4 10. b4 Bxb4 11. axb4 Qxb4
12. Qd2 dxc3 13. Bxc3 Qe7 14. Bd3 Ne4 15. Bxe4 Qxe4 16. Ne2 O-O 17. O-O Be6 18.
Qb2 Qg4 19. h3 Qg5 {Momeni,E (2263)-Sadeh,S (2200) Teheran 2008 1/2-1/2 (42)})
5... d4 6. exd4 cxd4 7. Ne2 Nc6 8. d3 e5 9. a3 a5 10. Ng3 Be7 11. Be2 O-O 12.
O-O Rb8 13. Ne1 b5 14. f4 bxc4 15. bxc4 Bd6 16. f5 e4 17. Nxe4 Nxe4 18. dxe4 {
Sliwa,B (2200)-Adamski,J (2415) Augustow 1975 1/2-1/2 (31)}) (3... Nc6 4. Nf3
$11) 4. Bb2 d5 5. e3 Nbd7 6. d4 Bd6 7. Bd3 O-O 8. Nge2 Qc7 (8... e5 9. h3 $11)
9. h3 {Secures g4} h6 10. O-O b6 11. Rc1 Bb7 12. Bb1 (12. cxd5 Nxd5 13. Nb5
Bh2+ 14. Kh1 Qb8 $11) 12... Rad8 (12... a6 13. cxd5 exd5 14. g3 $11) 13. Qd3 (
13. cxd5 exd5 14. Nb5 Qb8 15. Nxd6 Qxd6 $14) 13... Rfe8 (13... dxc4 14. Qxc4 c5
15. Rfd1 $11) 14. e4 (14. cxd5 $142 exd5 15. Nb5 $14) 14... e5 $4 {Black has
let it slip away} (14... dxe4 $142 {would keep Black alive} 15. Nxe4 Nxe4 16.
Qxe4 Nf6 $15) 15. cxd5 $16 exd4 16. Nxd4 (16. Nb5 $5 Bh2+ 17. Kh1 $16) 16...
Nc5 $14 17. Qc2 Bf4 18. Rce1 cxd5 $2 (18... Be5 19. Nf3 Bxc3 20. Qxc3 cxd5 21.
exd5 $14) 19. exd5 $4 {White lets it slip away. .} (19. Nxd5 $142 {a pity that
White didn't try this} Bxd5 20. exd5 $18) 19... Ba6 {Black threatens to win
material: Ba6xf1} (19... Bh2+ 20. Kh1 Be5 21. Nf5 $14) 20. Ndb5 $16 {White
threatens to win material: Nb5xc7} Qd7 21. a4 g6 $2 (21... Be5 22. Rxe5 Rxe5
23. b4 Nxa4 24. Qxa4 Bxb5 25. Qxb5 Rxd5 26. Qc4 $16) 22. Rd1 $4 {forfeits the
advantage} (22. b4 Nb7 23. Qd3 Bxb5 24. axb5 $18 (24. Qxb5 $6 Qxb5 25. Nxb5
Rxe1 26. Rxe1 Nxd5 $14)) 22... Bg5 (22... Rc8 23. Rfe1 Be5 24. Rxe5 Rxe5 25. b4
Bxb5 26. bxc5 $14) 23. Rfe1 (23. Rd4 $142 Nh5 24. b4 $16) 23... Qb7 $4 {
[%cal Rb7d5,Rd8d5,Rf6d5,Gc3d5,Gd1d5] The pressure on the isolated pawn grows.
causes even greater problems} (23... Bb7 $142 24. Rxe8+ Qxe8 $16) 24. b4 $18
Ncd7 (24... Bxb5 25. bxc5 Rxe1+ 26. Rxe1 $18) 25. Rxe8+ (25. Nd6 $142 {might
be the shorter path} Rxe1+ 26. Rxe1 Qb8 27. Nxf7 Kxf7 28. Qxg6+ Kf8 $18) 25...
Nxe8 26. Ne4 Bxb5 27. axb5 a5 (27... Qc8 28. Qe2 Ndf6 29. Nxg5 hxg5 $18) 28.
Nxg5 hxg5 29. bxa5 bxa5 30. Qc3 Ndf6 31. Qxa5 Rxd5 32. Rxd5 Qxd5 33. Ba2 (33.
Bc2 $142 $5 {and White can already relax} Ne4 $18) 33... Qd1+ {[%cal Yg5g4]
Black plans g4} 34. Kh2 Qd6+ 35. g3 g4 $4 {the pressure is too much, Black
crumbles} (35... Qc5 36. Kg2 Ne4 37. Bxf7+ Kh7 $18) 36. Qa7 (36. b6 $142 {
keeps an even firmer grip} Qc6 37. Qa7 Nd7 38. hxg4 Qxb6 39. Qxd7 Qxf2+ 40. Kh3
Qf1+ 41. Kh4 Kf8 $18) 36... Nd5 (36... Qd7 {a fruitless try to alter the
course of the game} 37. b6 gxh3 38. Bb3 Ng4+ 39. Kxh3 Ne5+ 40. Qxd7 Nxd7 41. b7
$18) 37. Qa8 (37. Qd4 $142 {might be the shorter path} Ndf6 38. Qxd6 Nxd6 39.
Bxf6 Nxb5 40. hxg4 Nd6 $18) 37... Ndc7 38. Qe4 gxh3 (38... Ng7 {doesn't do any
good} 39. Be5 Qd2 40. Bxc7 Qxa2 41. b6 Qxf2+ 42. Qg2 $18) 39. Kxh3 (39. Be5 Qd7
40. b6 Na6 $18) 39... Ne6 (39... Qd7+ 40. Kg2 Nxb5 41. Qxg6+ Kf8 $18) 40. Bxe6
Qxe6+ (40... fxe6 41. b6 Qxb6 42. Qxg6+ Kf8 43. Ba3+ Nd6 44. Qxe6 Qxf2 45.
Bxd6+ Kg7 46. Be5+ Kf8 $18) 41. Qxe6 fxe6 42. Be5 Kf7 43. b6 Ke7 44. b7 (44. b7
Nf6 45. b8=Q g5 46. Qc7+ Nd7 47. Bd6+ Ke8 48. Qc8+ Kf7 49. Qxd7+ Kf6 50. Kg4
Kg6 51. Be5 Kh6 52. Qg7#) 1-0

[Event "Hokkaido.Ch2022"]
[Site "?"]
[Date "2022.03.26"]
[Round "1.3"]
[White "Takeuchi, Hiroshi"]
[Black "Kimura, Ryota"]
[Result "0-1"]
[WhiteElo "1371"]
[BlackElo "1681"]
[Annotator "Fritz 11 SE (30s)"]
[PlyCount "50"]
[SourceVersionDate "2022.03.28"]

{[%mdl 8192] A48: 1 d4 Nf6 2 Nf3 g6: Torre, London and Colle Systems} 1. d4 Nf6
2. Nf3 g6 3. Bf4 Bg7 4. e3 O-O 5. Nc3 (5. c4 c5 6. Nc3 cxd4 7. exd4 (7. Nxd4
Nc6 8. Nxc6 bxc6 9. Be2 d6 10. O-O Qa5 11. Rc1 Be6 12. b3 Nd7 13. Qd2 g5 14.
Bg3 f5 15. Rfd1 Ne5 16. f4 Nf7 17. Bf3 Rac8 18. c5 g4 19. Be2 Qxc5 20. Bh4 Qa5
21. Bxe7 Rfe8 {Silva,F (2367)-Viterbo Ferreira,J (2324) Vila Nova de Gaia 2010
1-0 (86)}) 7... d5 8. Be2 Nc6 9. h3 dxc4 10. Bxc4 Na5 11. Be2 Be6 12. O-O Rc8
13. Re1 Nd5 14. Nxd5 Bxd5 15. Ne5 Bc4 16. Bxc4 Nxc4 17. Nxc4 Rxc4 18. Qb3 Rxd4
19. Be3 Rd7 {Zhukova,N (2395)-Cramling,P (2535) Belgrade 1998 1/2-1/2}) 5... d6
6. Be2 $146 (6. Bc4 c6 7. O-O b5 8. Bb3 a6 9. Ng5 Bb7 10. Qf3 Nbd7 11. Qh3 h6
12. Nf3 Nh5 13. Ne2 Ndf6 14. Qh4 Nxf4 15. Qxf4 g5 16. Nxg5 hxg5 17. Qxg5 Ne4
18. Qg4 c5 19. c3 Qc8 20. Qh4 Nd2 {Jovanovic,R (2200)-Jesenski,T (2287) Sombor
2004 0-1 (60)}) 6... Bf5 7. Nh4 Be6 8. Nf3 Nbd7 (8... Bf5 9. O-O $14) 9. h4 (9.
Ng5 Nb6 $14) 9... c5 10. Ng5 cxd4 11. exd4 {Black has a cramped position} Qa5 (
11... Qb6 12. Nxe6 fxe6 13. O-O $11) 12. h5 {White has a very active position}
(12. O-O Bf5 $14) 12... Nd5 $11 13. hxg6 $4 (13. Bd2 $142 {had to be tried to
avoid defeat} Bxd4 14. Nce4 $11) 13... Nxf4 $19 14. gxf7+ (14. gxh7+ Kh8 15.
Nxe6 fxe6 $19 (15... Nxe6 $6 16. Rh4 $17)) 14... Bxf7 15. Nxf7 Rxf7 (15... Kxf7
$6 16. g3 Nxe2 17. Qxe2 $17) 16. g3 (16. Bf3 {doesn't improve anything} e5 17.
Kf1 exd4 $19) 16... Nd5 (16... Ng2+ $142 {and Black has reached his goal} 17.
Kd2 Qg5+ 18. Kd3 Rxf2 $19) 17. Bc4 (17. Qd3 Nxc3 18. Qxc3 Qxc3+ 19. bxc3 Rc8
$19) 17... N7b6 18. Bb3 Kh8 $4 {simply marches past the door to victory} (18...
e6 $142 {secures the point} 19. Qd3 Nxc3 20. bxc3 d5 $19) 19. Qh5 $16 h6 (19...
Kg8 20. O-O-O (20. Bxd5 $6 Nxd5 21. Qxd5 Qxd5 22. Nxd5 Bxd4 $11) 20... e6 21.
Ne4 $16) 20. Qxf7 (20. Bxd5 $6 Nxd5 21. Qxd5 Qxd5 22. Nxd5 Bxd4 23. Rxh6+ Kg7
$14) 20... Nxc3 21. Kf1 {White loses the right to castle} (21. Qg6 $142 Ne4+
22. c3 $16) 21... Rf8 $4 {letting the wind out of his own sails} (21... Qb5+
$142 {this is the best way to fight back} 22. Kg2 Qc6+ 23. Qf3 Qxf3+ 24. Kxf3
Nca4 $11) 22. Qg6 $18 Qb5+ 23. Kg2 (23. Kg1 $5 {and White can already relax}
Ne2+ 24. Kg2 Qc6+ 25. d5 Qc5 (25... Nxd5 $143 26. Rxh6+ Kg8 27. Rah1 Rxf2+ 28.
Kxf2 Qb6+ 29. Ke1 Qg1+ 30. Rxg1 Nd4 31. Qe8+ Bf8 32. Rg6+ Kh7 33. Rh1+ Bh6 34.
Rhxh6#) 26. Rxh6+ Kg8 27. Qh7+ Kf7 $18) 23... Rxf2+ 24. Kxf2 $4 {overlooking
an easy win} (24. Kg1 $142 {it becomes clear that White will call all the shots
} d5 25. Rxh6+ (25. bxc3 $6 Qe2 26. Rh4 Rf6 $14) 25... Bxh6 26. Qxh6+ Kg8 27.
Kxf2 (27. bxc3 Qe2 28. Qg5+ Kf8 29. Qh6+ Ke8 $17) 27... Qe2+ 28. Kg1 $18) 24...
Qe2+ 25. Kg1 Bxd4# 0-1

[Event "Hokkaido.Ch2022"]
[Site "?"]
[Date "2022.03.26"]
[Round "1.4"]
[White "Kojima, Natsumi"]
[Black "Shimomura, Kensei"]
[Result "1-0"]
[WhiteElo "1677"]
[BlackElo "1240"]
[Annotator "Fritz 11 SE (30s)"]
[PlyCount "69"]
[SourceVersionDate "2022.03.28"]

{[%mdl 8256] C50: Hungarian Defence and Giuoco Pianissimo} 1. e4 e5 2. Nf3 Nc6
3. Bc4 Bc5 4. d3 a6 $146 {Controls b5} (4... Nge7 5. Ng5 d5 6. exd5 Nxd5 7. Nc3
Be6 8. Nxe6 fxe6 9. Ne4 Bb6 10. Qh5+ g6 11. Qh6 Nce7 12. Qg7 Rf8 13. Qxe5 Qd7
14. Bh6 Nc6 15. Qg3 Rf5 16. Bg5 Nd4 17. Rc1 h6 18. Bxh6 O-O-O 19. c3 {Rabiega,
R (2485)-Loerke,R (2190) Dresden 2000 1-0}) (4... Nf6 5. Nc3 $11) 5. Nbd2 (5.
Ng5 $5 {should not be overlooked} Nh6 6. a4 $14) 5... Nf6 $11 6. O-O d5 (6...
O-O $5 $11 {must be considered}) 7. exd5 $14 Nxd5 {White has a cramped
position. White's piece can't move: c1} 8. Re1 f6 {Prevents intrusion on g5} 9.
a4 a5 (9... Be6 10. c3 O-O 11. d4 $14) 10. Nb3 (10. d4 Bxd4 11. Nb3 Nb6 $18)
10... Bb6 (10... Be7 $5 $16) 11. d4 O-O (11... Nde7 $142 12. c3 Qd6 $18) 12.
dxe5 $18 Be6 13. exf6 Re8 (13... Nf4 14. Bxe6+ Nxe6 15. Qxd8 Ncxd8 16. fxg7
Nxg7 $18) 14. Rxe6 $1 {Remove defender: e6} Rxe6 15. Qxd5 Qxd5 16. Bxd5 Rd8 (
16... Rae8 {does not solve anything} 17. Ng5 Nd8 18. f7+ Nxf7 19. Bxe6 $18) 17.
Bxe6+ Kf8 18. Bg5 gxf6 19. Bxf6 Rd6 20. Re1 h5 21. Ng5 Nd4 22. Nxd4 Bxd4 23.
Bxd4 (23. Nh7+ Ke8 24. Bf5+ Be5 25. Rxe5+ Kf7 26. Re7+ Kg8 27. Re8+ Kf7 28.
Rf8#) 23... Rxd4 $18 24. Bb3 c5 25. Ne6+ Kg8 26. Nxd4+ Kh7 27. Nf3 c4 28. Bxc4
b5 (28... Kg7 {cannot undo what has already been done} 29. Re7+ Kf8 30. Rxb7
Ke8 31. Ne5 Kd8 32. Nc6+ Ke8 33. Be6 Kf8 34. h4 Ke8 35. Rb8#) 29. axb5 a4 (
29... h4 {cannot change destiny} 30. b6 Kg6 31. b7 Kf5 32. b8=Q a4 33. Qg8 a3
34. Qg5#) 30. b6 a3 (30... Kg7 {does not save the day} 31. b7 a3 32. b8=Q h4
33. Qc7+ Kh6 34. Qf7 axb2 35. Re6#) 31. b7 a2 (31... Kg6 {does not improve
anything} 32. b8=Q h4 33. Qb6+ Kh5 34. Re5+ Kg4 35. Qd4#) 32. b8=Q h4 (32...
a1=R {is not the saving move} 33. Qg8+ Kh6 34. Qf8+ Kh7 35. Bd3#) 33. Qg8+ Kh6
34. Bd3 a1=Q 35. Qg6# (35. Qg5#) 1-0

[Event "Hokkaido.Ch2022"]
[Site "?"]
[Date "2022.03.26"]
[Round "1.5"]
[White "Okuno, Rion"]
[Black "Pradipta, Davi Ernest"]
[Result "1-0"]
[WhiteElo "1167"]
[BlackElo "1648"]
[Annotator "Fritz 11 SE (30s)"]
[PlyCount "95"]
[SourceVersionDate "2022.03.28"]

{[%mdl 8192] C26: Vienna Game: 2...Nf6, sidelines} 1. e4 e5 2. Nc3 Nc6 3. g3
Nf6 4. Bg2 Bc5 5. Nge2 O-O 6. O-O d6 7. Na4 Bb6 (7... Bg4 8. h3 Be6 9. d3 h6
10. Nxc5 dxc5 11. f4 Qe7 12. f5 Bd7 13. g4 Nh7 14. Qe1 Nd4 15. Nxd4 cxd4 16. h4
f6 17. Qg3 c5 18. a4 b6 19. Bd2 a6 20. b3 b5 21. axb5 axb5 22. Kh2 {Yu,Y (2675)
-Kryvoruchko,Y (2707) Dubai 2014 1-0 (60)}) 8. Nxb6 axb6 9. d4 Be6 $4 $146 (
9... Qe7 10. d5 Nb8 11. c4 Na6 12. Nc3 Ne8 13. Be3 f5 14. f4 fxe4 15. Nxe4 exf4
16. Bxf4 Bf5 17. Re1 Qd7 18. Ng5 Nc5 19. Re3 Nf6 20. b4 h6 21. bxc5 hxg5 22. c6
gxf4 23. cxd7 fxe3 24. Qe2 {Lupulescu,C (2598)-Nestorovic,N (2413) Bucharest
2010 1/2-1/2 (43)}) (9... exd4 $142 {was necessary} 10. Nxd4 Bd7 $11) 10. d5
$18 Bg4 11. dxc6 bxc6 12. h3 Bh5 (12... Be6 13. f4 $18) 13. Bg5 (13. c4 {
seems even better} Qe7 $18) 13... h6 14. Be3 Bg6 15. Nc3 d5 (15... Qe7 $18) 16.
exd5 cxd5 17. Nxd5 e4 18. Nxf6+ Qxf6 19. Qd4 Qe6 20. c4 (20. Qc3 {makes it
even easier for White} c5 $18) 20... c5 (20... Rfd8 {is not much help} 21. Qc3
$18) 21. Qc3 Rfd8 22. Rfd1 Re8 (22... Bh5 {doesn't change the outcome of the
game} 23. g4 Bg6 24. Bf4 $18) 23. a3 Rab8 (23... Rad8 {does not win a prize}
24. a4 $18) 24. Bf4 (24. Rd5 $5 {keeps an even firmer grip} Qc6 $18) 24... Rbd8
25. Be3 Qc6 $4 {there were better ways to keep up the pressure} (25... Rb8 26.
Rd5 f6 $18) 26. b4 $18 cxb4 (26... f6 {cannot change what is in store for White
} 27. bxc5 bxc5 28. Rxd8 Rxd8 29. a4 $18) 27. axb4 b5 (27... Qe6 {does not
help much} 28. Rxd8 Rxd8 29. Bf1 $18) 28. c5 Rc8 (28... f6 $18 {doesn't change
anything anymore}) 29. Rd6 (29. Bf1 $142 {seems even better} Red8 $18) 29...
Qc7 $4 (29... Qxd6 $142 $1 {and Black could well hope to play on} 30. Bd4 Qf8
$16) 30. Bf1 (30. Bf4 $142 {secures victory} Qb7 31. c6 $18) 30... Qxd6 $16 31.
Bxb5 (31. cxd6 $6 Rxc3 32. Bxb5 Rd8 $11) 31... Red8 32. Bf4 (32. Ba6 Qd7 33.
Kh2 Ra8 $18) 32... Qd4 (32... Qd5 $5 $16) 33. Qxd4 Rxd4 34. Ba6 Rcd8 $2 (34...
Ra8 $142 35. b5 Bf5 $16) 35. b5 $18 Rd1+ $6 {doesn't do very much to defend
the position} (35... Rb4 36. c6 Bf5 $18) 36. Rxd1 Rxd1+ 37. Kg2 Bf5 (37... e3 {
doesn't get the cat off the tree} 38. Bxe3 Rb1 39. c6 Be4+ 40. f3 Rb2+ 41. Bf2
Bxc6 42. bxc6 $18) 38. b6 e3 39. Bxe3 (39. Kf3 $142 {and White has triumphed}
exf2 40. Kxf2 $18) 39... Be4+ $16 40. f3 Bc6 41. Kf2 Ra1 $4 {strolling merrily
down the path to disaster} (41... Kf8 42. Bf4 Rb1 43. Bc4 $16) 42. Bc4 (42. Bb5
$142 $1 {and White wins} Ra2+ 43. Ke1 Bxf3 44. c6 $18) 42... Rb1 $16 43. Bf4
Rb2+ (43... Kf8 44. Bd2 $16) 44. Ke3 g5 (44... Rb4 45. Ba6 $16) 45. Bc7 (45.
Be5 Rb4 46. Bd3 Rb3 $16) 45... Rc2 (45... Rb4 $142 46. Bd3 Rb3 $16) 46. Bd3 $4
{White threatens to win material: Bd3xc2. with this move White loses his
initiative} (46. Kd3 $142 {White would have gained the upper hand} Rc1 47. f4
$18) 46... Rxc5 $11 47. Be4 (47. f4 f6 $11) 47... Bxe4 48. Kxe4 (48. Kxe4 Rb5
49. Kd4 $11) 1-0

[Event "Hokkaido.Ch2022"]
[Site "?"]
[Date "2022.03.26"]
[Round "2.1"]
[White "Kojima, Natsumi"]
[Black "Yoshii, Yukihiko"]
[Result "1-0"]
[WhiteElo "1677"]
[BlackElo "1724"]
[Annotator "Fritz 11 SE (30s)"]
[PlyCount "81"]
[SourceVersionDate "2022.03.28"]

{[%mdl 8256] C55: Two Knights: 4 d3, 4 d4 exd4 5 e5 and Max Lange Attack} 1. e4
e5 2. Nf3 Nc6 3. Bc4 Nf6 4. d3 Be7 5. O-O O-O 6. Re1 d6 7. a4 Bg4 8. h3 Bxf3 (
8... Bh5 9. g4 Bg6 10. Nc3 h6 11. Nh4 Kh8 12. Nf5 Bxf5 13. gxf5 Nh7 14. f4 exf4
15. Bxf4 Bg5 16. Bh2 Bf6 17. Kh1 Be5 18. Qh5 {1/2-1/2 (18) Morozevich,A (2723)
-Timman,J (2670) Sarajevo 1999}) 9. Qxf3 Nd4 (9... Nd7 10. a5 Nd4 11. Qd1 Bg5
12. Nd2 Qe7 13. c3 Ne6 14. b4 Kh8 15. Nf3 Bxc1 16. Qxc1 Nf4 17. g3 Ng6 18. d4
h6 19. Qe3 a6 20. Rad1 Rad8 21. Bf1 Nf6 22. dxe5 dxe5 23. h4 c5 24. Qxc5 {
Bromberger,S (2522)-Wernert,W (2342) Germany 2015 1-0 (37)}) 10. Qd1 c5 $146 (
10... Nd7 11. Be3 Bg5 12. Nc3 (12. Nd2 Kh8 13. c3 Nc6 14. a5 a6 15. Nf3 Bxe3
16. fxe3 Qf6 17. b4 Qh6 18. b5 axb5 19. Bxb5 Nc5 20. a6 Ne7 21. axb7 Nxb7 22.
Rxa8 Rxa8 23. d4 f6 24. Qb1 Nd8 25. Bc4 Qg6 26. dxe5 fxe5 {Armanda,I (2356)
-Curic,D (2229) Split 2010 1-0}) 12... Bxe3 13. fxe3 Ne6 14. Qg4 Nf6 15. Qh4 g6
16. Rf1 Kg7 17. Rf2 Ng8 18. Qxd8 Nxd8 19. Nb5 a6 20. Nxc7 Rc8 21. Nd5 h5 22.
Raf1 h4 23. c3 f6 {1-0 (23) Armanda,I (2364)-Plenkovic,Z (2240) Bosnjaci 2005})
(10... c6 11. c3 Ne6 12. Bb3 Qc7 13. Nd2 d5 14. Nf3 Bd6 15. a5 Rae8 16. Nh4 Nf4
17. Qf3 Qd7 18. Nf5 Bc7 19. g3 N4h5 20. Be3 Kh8 21. Bc5 Rg8 22. Bxa7 Qe6 23.
Bb6 Bxb6 24. axb6 g6 25. Nh4 {Zhou,Y (2265)-Varnam,L (2167) Torquay 2009 1-0 
(45)}) (10... c6 11. c3 Ne6 12. Bxe6 fxe6 13. Nd2 $11) 11. c3 {White threatens
to win material: c3xd4} Nc6 12. Nd2 d5 (12... Qd7 13. a5 $14) 13. Ba2 (13. exd5
$5 Nxd5 14. Qf3 $16) 13... d4 {Black wins space} 14. Nf1 Qd7 15. Bg5 (15. Ng3
g6 $11) 15... h6 $11 16. Bxf6 Bxf6 {Opposite coloured bishops appeared} (16...
gxf6 $4 17. Qh5 Kh7 18. Nh2 $18) 17. Qf3 Rad8 18. Rad1 Ne7 19. Bb3 Qd6 20. Bc4
g6 21. cxd4 cxd4 22. Ng3 (22. Qg3 Rc8 $11) 22... Kh7 23. Rc1 (23. Nf1 Kg7 $15)
23... Ng8 (23... Bg5 24. Ra1 $15) 24. Re2 Bg5 {Black threatens to win material:
Bg5xc1} 25. Rd1 Qe7 26. Ree1 Nf6 27. Rb1 a6 28. b4 Bd2 {Black threatens to win
material: Bd2xe1. Black forks: e1+b4} (28... Ne8 29. Bd5 $17) 29. Red1 $15 Bxb4
$4 {throwing away the advantage} (29... Bc3 $142 $15 {and Black has air to
breath}) 30. Rxb4 $1 $16 {Deflection: f6} Qxb4 31. Qxf6 Rd7 $4 {another step
towards the grave} (31... Qd6 $142 32. Qf3 Rd7 $16) 32. Qxe5 (32. Nf5 $142 {
and White has prevailed} gxf5 33. Qxf5+ Kg7 34. Qxd7 $18) 32... Qxa4 33. Rf1
Qb4 (33... Rc8 34. Bd5 $18) 34. f4 (34. Nf5 $142 {might be the shorter path}
Rg8 35. Qf4 g5 $18) 34... b5 (34... f6 35. Qe6 Re7 36. Qd5 $18) 35. Bd5 $18 Re7
$4 {the position was bad, and this mistake simply hastens the end} (35... Qd6
$142 $18) 36. Qf6 a5 (36... Rg8 37. f5 Rg7 38. Bxf7 gxf5 39. Qxf5+ Kh8 $18) 37.
f5 g5 (37... Qd2 {is no salvation} 38. fxg6+ Kg8 39. Nf5 Qe3+ 40. Kh1 Qg1+ 41.
Kxg1 Rxe4 42. Nxh6#) 38. Nh5 Rg8 39. Bxf7 Rxf7 40. Qxf7+ Kh8 41. Nf6 (41. Nf6
Rg7 42. Qe8+ Qf8 43. Qxf8+ Rg8 44. Qxg8#) 1-0